Bản án chủ nghĩa thực dân pháp ở Việt Nam

Enregistré dans:
Détails bibliographiques
Auteur principal: Không rõ
Format: Livre
Langue:Vietnamese
Publié: Lao Động 1997
Tags: Ajouter un tag
Pas de tags, Soyez le premier à ajouter un tag!
Thư viện lưu trữ: Mạng thư viện Đại học Đà Nẵng
LEADER 00642nam a2200277 4500
001 000026906
003 951
005 20150325120000.0
008 150325s vm 000 vie
020 |c 16,0000 
040 |a NOTTS 
100 |a Không rõ 
245 |a Bản án chủ nghĩa thực dân pháp ở Việt Nam 
260 |b Lao Động  |c 1997 
300 |a 188tr. ; 
OWN |a LTT 
999 |a From the UDN01 
TYP |a Monograph 
TYP |a Printed language 
980 |a Mạng thư viện Đại học Đà Nẵng